000 00891nam a2200253Ia 4500
003 OSt
005 20221005112658.0
006 a|||||r|||| 00| 0
007 ta
008 221004b |||||||| |||| 00| 0 pan d
020 _a9788173292606 (hbk)
_c180
024 _a2683
037 _b706, 21/01/2013, Bright Book Service
_cTextual
040 _aCRL
_cCRL
_bpan
041 _2pan
_apan
082 _aO153,2N38,GE, Q1
100 _aਸਿੱਧੂ, ਚਰਨਦਾਸ
245 0 _aਫ਼ਾਲਿਬ ਏ ਆਗ਼ਮ
_b ਇਤਿਹਾਸਿਕ ਡਰਾਮਾ
260 _aਦਿੱਲੀ
_bFਿਲਾਲੇਖ ਭਾਰਤ
_c2011
300 _a96ਪੰ
_ccm.
650 _aਪੰਜਾਬੀ ਸਾਹਿਤ
942 _hO153,2N38,GE, Q1
_cTEXL
_2cc
999 _c1025637
_d1025637